000 00397cam a22001337a 4500
008 180718b1999 xxu||||| |||| 00| 0 eng d
082 _aA81x54 91/8P
100 _aCensus of India 1991
245 _aHaryana: a portrait of population
260 _aDelhi
_bThe Controller of Publications
_c1999
300 _a137+p.
440 _aCensus of India 1991. Series-8, Haryana
650 _aHaryana - Census
999 _c482662
_d482662